000 00674nam a22002297a 4500
003 UA-OsUOA
001 98441
007 ta
008 20130415b un ||||| |||| 00| 0 ukr d
100 _aПрічард К.
090 _a821.111 (72)
_bП77
942 _cBK
040 _aUA-OsUOA
_bukr
_cUA-OsUOA
_dUA-OsUOA
245 _aБуремні дев'яності
_bроман про золоті приїски Західної Австрії
300 _a475 с.
955 _a3
041 _aukr
080 _a821.111 (72)
260 _aК.
_bДніпро
_c1973
650 7 _a82 Література. Літературознавство
_2UDC
999 _c384334
_d384334